BIBLIOTECA

SENCICO

Curso básico de construcción / (Registro nro. 3475)

Detalles MARC
000 -LEADER
fixed length control field 01838nam a2200313Ia 4500
003 - CONTROL NUMBER IDENTIFIER
control field PE SENCICO BE
005 - DATE AND TIME OF LATEST TRANSACTION
control field 20260220172550.0
008 - FIXED-LENGTH DATA ELEMENTS--GENERAL INFORMATION
fixed length control field 200515s9999 xx 000 0 und d
020 ## - INTERNATIONAL STANDARD BOOK NUMBER
International Standard Book Number 968-18-3424-0
040 ## - CATALOGING SOURCE
Original cataloging agency PE SENCICO BE
Transcribing agency PE SENCICO BE
041 ## - LANGUAGE CODE
Language code of text/sound track or separate title spa
082 ## - DEWEY DECIMAL CLASSIFICATION NUMBER
Classification number 690
Item number B16
100 1# - MAIN ENTRY--PERSONAL NAME
Personal name Bailey, H.
9 (RLIN) 187
Relator term autor
245 10 - TITLE STATEMENT
Title Curso básico de construcción /
Statement of responsibility, etc. H. Bailey, D. W. Hancock
250 ## - EDITION STATEMENT
Edition statement [1a ed.]
260 ## - PUBLICATION, DISTRIBUTION, ETC.
Place of publication, distribution, etc. México, D.F. :
Name of publisher, distributor, etc. Limusa ;
Date of publication, distribution, etc. 1996
300 ## - PHYSICAL DESCRIPTION
Extent volúmenes :
Other physical details ilustraciones, gráficos ;
Dimensions 25 cm.
505 0# - FORMATTED CONTENTS NOTE
Formatted contents note Volumen 1: Trazo y nivelación -- Excavación y ademado -- Concreto -- Cimentaciones para muros y pilares -- Ladrillos -- Morteros -- Herramientas del maestro albañil -- Subestructuras -- Volumen 2: Pisos sólidos sobre el terreno -- Enlaces o trabazón de la albañilería: patrones -- Enlaces o trabazón de la albañilería: aplicaciones -- Construcción de los muros -- Eficiencia en la albañilería -- Construcción de muros con cavidad -- Puentes sobre las aberturas -- Pilastras -- Esquinas oblicuas -- Muros de separación -- Chimeneas domésticas, ductos para gases y humo, cañones de chimeneas, equipos y accesorios -- Muros de bloques y muros divisores -- Volumen 3: Revestimiento de edificios -- Características decorativas y funcionales -- Albañilería reforzada -- Construcción de escalones -- Drenaje -- Andamiajes -- Equipo para mantenimiento, modificaciones y reparación -- Pavimentación -- Cuantificación de materiales
650 10 - SUBJECT ADDED ENTRY--TOPICAL TERM
Topical term or geographic name entry element Albañilería
9 (RLIN) 364
650 20 - SUBJECT ADDED ENTRY--TOPICAL TERM
Topical term or geographic name entry element Chimeneas
9 (RLIN) 365
650 20 - SUBJECT ADDED ENTRY--TOPICAL TERM
Topical term or geographic name entry element Cimentaciones
9 (RLIN) 356
650 20 - SUBJECT ADDED ENTRY--TOPICAL TERM
Topical term or geographic name entry element Concreto
9 (RLIN) 309
650 20 - SUBJECT ADDED ENTRY--TOPICAL TERM
Topical term or geographic name entry element Materiales de construcción
9 (RLIN) 308
650 20 - SUBJECT ADDED ENTRY--TOPICAL TERM
Topical term or geographic name entry element Ladrillos
9 (RLIN) 366
650 20 - SUBJECT ADDED ENTRY--TOPICAL TERM
Topical term or geographic name entry element Pavimentos
9 (RLIN) 367
650 20 - SUBJECT ADDED ENTRY--TOPICAL TERM
Topical term or geographic name entry element Muros
9 (RLIN) 346
700 1# - ADDED ENTRY--PERSONAL NAME
Personal name Hancock, D. W.
9 (RLIN) 188
Relator term autor
942 ## - ADDED ENTRY ELEMENTS (KOHA)
Koha item type Libros
Source of classification or shelving scheme Dewey Decimal Classification
Existencias
Fecha de la última vez que lo usaron Número de ingreso o de inventario Pago total Signatura topográfica completa Código de barras Tipo de documento Estado perdido Sistema de clasificación Estado dañado No es para préstamo Retirado Ubicación permanente Ubicación actual Precio efectivo desde Fecha de adquisición
15/05/2020 4903   690/B16/v. 1 BibLima25122599 Libros   Dewey Decimal Classification       Biblioteca Central Lima Biblioteca Central Lima    
30/12/2025 4904   690/B16/v. 2 BibLima25122600 Libros   Dewey Decimal Classification       Biblioteca Central Lima Biblioteca Central Lima 30/12/2025 30/12/2025
30/12/2025 4905   690/B16/v. 3 BibLima25122601 Libros   Dewey Decimal Classification       Biblioteca Central Lima Biblioteca Central Lima 30/12/2025 30/12/2025
30/12/2025     690/B16/v. 2 BibZtruj25122602 Libros   Dewey Decimal Classification       Biblioteca Trujillo Biblioteca Trujillo 30/12/2025 30/12/2025
30/12/2025     690/B16/v. 3 BibZtruj25122603 Libros   Dewey Decimal Classification       Biblioteca Trujillo Biblioteca Trujillo 30/12/2025 30/12/2025